Library story hour from A to Z : ready-to-use alphabet activities for young learners /

Sparad:
Bibliografiska uppgifter
Huvudupphovsman: Hasbrouck, Ellen K.
Materialtyp: Bok
Språk:English
Publicerad: West Nyack, N.Y : Center for Applied Research in Education, 1998.
Ämnen:
Taggar: Lägg till en tagg
Inga taggar, Lägg till första taggen!
Thư viện lưu trữ: Mạng thư viện Đại học Đà Nẵng
LEADER 01428nam a2200385 a 4500
001 000042062
003 7762
005 20201103161415.0
008 171030s1998
020 |a 0876288956 
040 |a lnn  |c lnn  |d lnn 
041 0 |a eng 
082 1 4 |a 421.1  |b HA-E 
100 1 |a Hasbrouck, Ellen K. 
245 0 0 |a Library story hour from A to Z :  |b ready-to-use alphabet activities for young learners /  |c Ellen K. Hasbrouck. 
260 |a West Nyack, N.Y :  |b Center for Applied Research in Education,  |c 1998. 
300 |a xvii, 269 p. :  |b ill. ;  |c 27.5cm. 
630 0 4 |a English language. 
630 0 4 |a Activity programs. 
630 0 4 |a Storytelling. 
630 0 4 |a Children's libraries. 
630 0 4 |a Alphabet study and teaching. 
650 0 4 |a English language  |x Alphabet study and teaching (Primary)  |x Activity programs  |z United States. 
650 0 4 |a Children's libraries  |x Activity programs  |z United States. 
650 0 4 |a Storytelling  |z United States. 
OWN |a LNN 
902 |a TKA 
AVA |a UDN50  |b LNN  |c English  |d 421.1 HA-E  |e available  |t Error 5001 Not defined in file expand_doc_bib_avail.  |f 1  |g 0  |h N  |i 0  |j AN  |k 1 
999 |a From the UDN01 
AVA |a UDN50  |b LNN  |c English  |d 421.1 HA-E  |e available  |t Error 5001 Not defined in file expand_doc_bib_avail.  |f 1  |g 0  |h N  |i 0  |j AN  |k 1 
TYP |a Monograph 
TYP |a Printed language 
980 |a Mạng thư viện Đại học Đà Nẵng